=LDR 00000nam 2200000 4500 =001 INLIS000000000043578 =005 20131008103441 =008 ***********************************ind** =035 ##$$0010-101300000001500 =041 ##$$a ind =082 ##$$a 001.6 =090 ##$$a 001.6, Sut m =100 ##$$a Suteja, Bernard Renaldy =245 ##$$a Mudah dan cepat menguasai aplikasi komputer, Bernard Renaldy Suteja, Agus Prijono, Christina M Utama =260 ##$$a 2005 $b Bandung =300 ##$$a x, 237 hlm, ilus, 23 cm =650 ##$$a Komputer, Sistem Pengoperasian =700 ##$$a Prijono, Agus, Utami, Christina M =850 ##$$a NBPNMAT